Wachstumsbeschleunigung dank Investitionswende in Mittel-, Ost- und Südosteuropa (Record no. 8597)

MARC details
000 -LEADER
fixed length control field 02481nam a22006017u 4500
001 - CONTROL NUMBER
control field pwiiw3311
003 - CONTROL NUMBER IDENTIFIER
control field OSt
005 - DATE AND TIME OF LATEST TRANSACTION
control field 20260516120054.0
008 - FIXED-LENGTH DATA ELEMENTS--GENERAL INFORMATION
fixed length control field 140625t2014 au ||||| |||||||| ||ger d
040 ## - CATALOGING SOURCE
Transcribing agency OSt
041 ## - LANGUAGE CODE
Language code of text/sound track or separate title ger
084 ## - OTHER CLASSIFICATION NUMBER
Classification number C33
-- C50
-- E20
-- E29
-- F34
-- G01
-- G18
-- O52
-- O57
-- P24
-- P27
-- P33
-- P52
Number source jelc
100 1# - MAIN ENTRY--PERSONAL NAME
Personal name Gligorov, Vladimir
245 10 - TITLE STATEMENT
Title Wachstumsbeschleunigung dank Investitionswende in Mittel-, Ost- und Südosteuropa
260 ## - PUBLICATION, DISTRIBUTION, ETC.
Place of publication, distribution, etc. Wien :
Name of publisher, distributor, etc. Wiener Institut für Internationale Wirtschaftsvergleiche (wiiw),
Date of publication, distribution, etc. 2014.
300 ## - PHYSICAL DESCRIPTION
Extent 8 S.,
Other physical details 1 Table and 6 Figures,
Dimensions 30cm.
490 1# - SERIES STATEMENT
Series statement wiiw Research Reports in German Language
Volume/sequential designation 2014-6
520 ## - SUMMARY, ETC.
Summary, etc. (Reprint from: WIFO-Monatsberichte, Vol. 87, No. 5, May 2014)<br/><br/><br/><br/>Zusammenfassung<br/><br/><br/><br/>Wachstumsbeschleunigung dank Investitionswende in Mittel-, Ost- und Südosteuropa<br/><br/><br/><br/>Das Wirtschaftswachstum wird sich in den mittel-, ost- und südosteuropäischen Ländern 2014 bis 2016 verstärken und durchschnittlich 2% bis 3% erreichen. Wesentlicher Wachstumsimpuls ist eine Wende in den öffentlichen und privaten Investitionen.<br/><br/><br/><br/><br/><br/>English Summary<br/><br/><br/><br/>Investment-led growth in Central, East and Southeast Europe <br/><br/><br/><br/>In Central, East and Southeast Europe GDP is to pick up speed and grow on average by 2 to 3 per cent over the forecast period 2014-2016: a major driving force rooted in an upward reversal of public and private investment.<br/>
650 ## - SUBJECT ADDED ENTRY--TOPICAL TERM
Topical term or geographic name entry element macroeconomic analysis
650 ## - SUBJECT ADDED ENTRY--TOPICAL TERM
Topical term or geographic name entry element labour market
650 ## - SUBJECT ADDED ENTRY--TOPICAL TERM
Topical term or geographic name entry element international trade
650 ## - SUBJECT ADDED ENTRY--TOPICAL TERM
Topical term or geographic name entry element competitiveness
650 ## - SUBJECT ADDED ENTRY--TOPICAL TERM
Topical term or geographic name entry element foreign direct investment
651 ## - SUBJECT ADDED ENTRY--GEOGRAPHIC NAME
Geographic name Albania
651 ## - SUBJECT ADDED ENTRY--GEOGRAPHIC NAME
Geographic name Bosnia and Herzegovina
651 ## - SUBJECT ADDED ENTRY--GEOGRAPHIC NAME
Geographic name Bulgaria
651 ## - SUBJECT ADDED ENTRY--GEOGRAPHIC NAME
Geographic name Croatia
651 ## - SUBJECT ADDED ENTRY--GEOGRAPHIC NAME
Geographic name Czechia
651 ## - SUBJECT ADDED ENTRY--GEOGRAPHIC NAME
Geographic name Estonia
651 ## - SUBJECT ADDED ENTRY--GEOGRAPHIC NAME
Geographic name Hungary
651 ## - SUBJECT ADDED ENTRY--GEOGRAPHIC NAME
Geographic name Kazakhstan
651 ## - SUBJECT ADDED ENTRY--GEOGRAPHIC NAME
Geographic name Kosovo
651 ## - SUBJECT ADDED ENTRY--GEOGRAPHIC NAME
Geographic name Latvia
651 ## - SUBJECT ADDED ENTRY--GEOGRAPHIC NAME
Geographic name Lithuania
651 ## - SUBJECT ADDED ENTRY--GEOGRAPHIC NAME
Geographic name North Macedonia
651 ## - SUBJECT ADDED ENTRY--GEOGRAPHIC NAME
Geographic name Montenegro
651 ## - SUBJECT ADDED ENTRY--GEOGRAPHIC NAME
Geographic name Poland
651 ## - SUBJECT ADDED ENTRY--GEOGRAPHIC NAME
Geographic name Romania
651 ## - SUBJECT ADDED ENTRY--GEOGRAPHIC NAME
Geographic name Russia
651 ## - SUBJECT ADDED ENTRY--GEOGRAPHIC NAME
Geographic name Serbia
651 ## - SUBJECT ADDED ENTRY--GEOGRAPHIC NAME
Geographic name Slovakia
651 ## - SUBJECT ADDED ENTRY--GEOGRAPHIC NAME
Geographic name Slovenia
651 ## - SUBJECT ADDED ENTRY--GEOGRAPHIC NAME
Geographic name Turkey
651 ## - SUBJECT ADDED ENTRY--GEOGRAPHIC NAME
Geographic name Ukraine
690 ## - LOCAL SUBJECT ADDED ENTRY--TOPICAL TERM (OCLC, RLIN)
Topical term or geographic name as entry element Macroeconomic Analysis and Policy
690 ## - LOCAL SUBJECT ADDED ENTRY--TOPICAL TERM (OCLC, RLIN)
Topical term or geographic name as entry element Labour, Migration and Income Distribution
690 ## - LOCAL SUBJECT ADDED ENTRY--TOPICAL TERM (OCLC, RLIN)
Topical term or geographic name as entry element International Trade, Competitiveness and FDI
700 1# - ADDED ENTRY--PERSONAL NAME
Personal name Holzner, Mario
700 1# - ADDED ENTRY--PERSONAL NAME
Personal name Richter, Sandor
830 #0 - SERIES ADDED ENTRY--UNIFORM TITLE
Volume/sequential designation 2014-6
Bibliographic record control number WIIW0000108
Title of a work wiiw Research Reports in German Language
856 40 - ELECTRONIC LOCATION AND ACCESS
Uniform Resource Identifier <a href="https://wiiw.ac.at/p-3311.html">https://wiiw.ac.at/p-3311.html</a>
942 ## - ADDED ENTRY ELEMENTS (KOHA)
Koha item type Paper
Holdings
Withdrawn status Lost status Damaged status Not for loan Home library Current library Shelving location Date acquired Inventory number Total Checkouts Barcode Date last seen Price effective from Koha item type
        WIIW WIIW Library 06/25/2014 pwiiw3311   1000010003311 06/25/2014 11/21/2018 Paper
The Vienna Instiute for International Economic Studies (wiiw)